[Event "Bad Woerishofen op"]
[Site "Bad Woerishofen"]
[Date "2001.??.??"]
[Round "2"]
[White "Schenfeld, Waldemar"]
[Black "Duckstein, Torsten"]
[Result "0-1"]
[WhiteElo "1431"]
[BlackElo "1865"]
[Annotator "ChessOrg"]
[PlyCount "84"]
[EventDate "1998.03.05"]
[Source "ChessBase"]
[SourceDate "1998.04.29"]

1. d4 {D02: Damenbauernspiele} 1... d5 2. Nf3 c5 3. Bf4 Nf6 4. Nbd2 {
letzter Buchzug} 4... cxd4 5. Nxd4 Nc6 6. N2f3 (6. Nxc6 bxc6 7. e3 7... Qb6 $11
) 6... Qb6 $15 7. Rb1 Bg4 (7... Nxd4 8. Nxd4 Ng4 9. Bg3 $11) 8. Nxc6 bxc6 9.
Nd2 e6 10. Nb3 c5 11. a4 (11. h3 11... Bh5 $15) 11... Qb4+ $17 12. Qd2 c4 13.
Qxb4 Bxb4+ 14. Nd2 Bf5 15. Rc1 Kd7 (15... c3 $5 $142 16. bxc3 16... Bxc3 $17)
16. c3 $11 16... Bd6 17. Bxd6 Kxd6 18. b4 cxb3 19. Nxb3 e5 20. e3 Rab8 21. Nd2
Rb2 22. Bb5 Rc8 23. Kd1 (23. c4 23... Rc5 $17) 23... Ne4 24. Nxe4+ Bxe4 (24...
dxe4 $143 25. Rc2 Rb1+ 26. Rc1 Rxc1+ 27. Kxc1 Rxc3+ 28. Kb2 $17) 25. f3 Bg6 26.
Rg1 Rc5 27. h4 h6 28. g4 Rf2 (28... f6 29. Re1 $17) 29. h5 $15 29... Bh7 30.
Be2 f6 (30... Rh2 31. Kd2 $15) 31. Ke1 (31. Kd2 31... a5 $15) 31... Rh2 $15 32.
f4 Be4 33. g5 (33. Rf1 $5 $15) 33... hxg5 $17 34. fxg5 fxg5 35. Rxg5 Rc7 36.
Rg1 Rf7 (36... a5 $17 $142) 37. Kd2 $4 (37. c4 $11 $142) 37... Rff2 $19 38.
Rce1 Bf3 39. Rg6+ (39. c4 Bxe2 40. c5+ Kxc5 41. Rxe2 Rxe2+ 42. Kc1 Kc4 43. e4
Kb3 44. Rg3+ Ka2 45. Rd3 Rb2 46. Rd2 Rhxd2 47. exd5 Rbc2#) 39... Kc5 40. Rxg7
Bxe2 41. h6 (41. Kc1 Bf3 42. Rc7+ Kd6 43. e4 Rb2 44. Rc6+ Kxc6 45. exd5+ Kd6
46. Re2 Rbxe2 47. h6 Re1#) 41... Bd3+ $1 42. Kc1 (42. Kxd3 e4#) 42... Ra2 (
42... Ra2 43. Rc7+ Kd6 44. Rc6+ Kxc6 45. Re2 Rh1+ 46. Re1 Rxe1#) (42... Rc2+
43. Kb1 Rxc3+ 44. Ka1 Ra3#) 0-1

[Event "Bad Woerishofen op"]
[Site "Bad Woerishofen"]
[Date "2001.??.??"]
[Round "4"]
[White "Schenfeld, Waldemar"]
[Black "Schmidt, Thomas"]
[Result "0-1"]
[WhiteElo "1431"]
[BlackElo "1671"]
[Annotator "ChessOrg"]
[PlyCount "82"]
[EventDate "1998.03.05"]
[Source "ChessBase"]
[SourceDate "1998.04.29"]

1. d4 {D02: Damenbauernspiele} 1... d5 2. Nf3 Nf6 3. Bf4 e6 4. Nbd2 c5 5. e3
5... a6 {letzter Buchzug} 6. Be2 Nc6 7. c3 Be7 8. Rc1 O-O (8... Nh5 9. Bg3 $15)
9. Bd3 Ne8 (9... c4 10. Bc2 $11) 10. Bb1 f5 11. O-O g5 12. Be5 g4 13. Ne1 Nxe5
14. dxe5 Bd7 15. f3 h5 16. c4 Ng7 17. cxd5 exd5 18. Nb3 Bc6 (18... Bb5 $5 $142
19. Rf2 19... Bc4 $11) 19. Nxc5 $16 19... Qb6 (19... Bxc5 20. Rxc5 Qb6 21. Rc3
$16) 20. Ned3 Bxc5 21. Nxc5 (21. Rxc5 $6 21... Ne6 22. Rc1 Qxe3+ 23. Kh1 23...
Rad8 $14) 21... Qxb2 22. Qd4 Qxd4 23. exd4 b6 24. Nd3 Bb5 25. fxg4 fxg4 26.
Rxf8+ Rxf8 27. Nb4 Bc4 28. g3 (28. Be4 $1 28... dxe4 29. Rxc4 $11) 28... Ne6
$15 29. Nc6 Kg7 30. a4 a5 (30... Ng5 31. Kg2 Nh3 32. Nb4 Rf2+ 33. Kh1 $19) 31.
Kg2 (31. Be4 31... Rf7 $15 (31... dxe4 $6 32. Rxc4 Rf3 33. Kg2 $11)) 31... h4 (
31... Rf7 32. Be4 $17) 32. h3 Rf3 33. hxg4 (33. gxh4 $4 33... Nf4+ 34. Kg1
34... g3 $19) 33... Rxg3+ 34. Kh2 Nf4 (34... Rxg4 $6 35. Bf5 Nxd4 36. Bxg4 Nxc6
37. e6 $11) 35. Rc2 Rh3+ 36. Kg1 36... Rg3+ $4 (36... Rf3 37. Kh2 Be2 38. Rxe2
Rh3+ 39. Kg1 Nxe2+ 40. Kf2 Rh2+ 41. Kf3 Ng1+ 42. Ke3 $19) 37. Kh1 $4 (37. Kh2
$5 $11) 37... Rxg4 (37... Rf3 38. Kh2 Be2 39. Rxe2 Rh3+ 40. Kg1 Nxe2+ 41. Kf2
Rh2+ 42. Ke3 $19) 38. Rb2 h3 (38... Be2 $5 $142 39. Bf5 39... Rg5 $17) 39. Rxb6
$11 39... Rg2 40. Nxa5 (40. Bf5 Bd3 41. Ne7 41... Ra2 $11) 40... Ne2 41. Nxc4
$4 (41. Rb7+ $142 41... Kf8 42. Rb8+ Kg7 43. Rb7+ Kf8 44. Rb8+ Kg7 45. Rb7+ $11
) 41... Ng3# 0-1

[Event "Bad Woerishofen op"]
[Site "Bad Woerishofen"]
[Date "2001.??.??"]
[Round "6"]
[White "Schenfeld, Waldemar"]
[Black "Mueller, Gunter"]
[Result "0-1"]
[WhiteElo "1431"]
[BlackElo "1781"]
[Annotator "ChessOrg"]
[PlyCount "64"]
[EventDate "1998.03.05"]
[Source "ChessBase"]
[SourceDate "1998.04.29"]

1. d4 {A80: Hollaendische Verteidigung} 1... f5 2. Nf3 Nf6 3. Nc3 e6 4. Bg5 Be7
5. e3 O-O 6. Bd3 d5 7. O-O 7... Nbd7 {letzter Buchzug} 8. Re1 c6 9. a3 (9. Ne2
Ne4 10. Bxe7 10... Qxe7 $14) 9... b5 10. Ne2 Ne4 11. Bf4 g5 12. Bg3 h5 13. Ne5
Nxe5 (13... h4 14. Nxc6 hxg3 15. Nxg3 $11) 14. Bxe5 (14. dxe5 $143 14... h4 (
14... Nxg3 $6 15. Nxg3 h4 16. Ne2 $11) 15. Bxh4 15... gxh4 $19) 14... Bf6 15.
Bxf6 Qxf6 16. Rf1 f4 (16... e5 17. dxe5 Qxe5 18. Nd4 $14) 17. exf4 (17. Nc3
Nxc3 18. Qxh5 18... Ne4 $18) 17... gxf4 $14 18. Rc1 (18. c3 f3 19. Ng3 19...
Nd6 $14) 18... Qg5 (18... e5 19. dxe5 Qxe5 20. Bxe4 dxe4 21. Qd4 $11) 19. f3
$16 19... Nd6 20. c3 h4 21. Rf2 a5 22. Bb1 (22. Qd2 Nc4 23. Bxc4 23... bxc4 $14
) 22... Ra7 23. Qc2 (23. Ba2 23... a4 $11) 23... Rg7 24. h3 (24. b4 24... a4
$17) 24... Nc4 25. Kh1 Ne3 (25... a4 $5 $15) 26. Qd2 $11 26... Kh8 (26... Nxg2
$4 27. Rg1 Qh6 28. Rfxg2 $18 (28. Rgxg2 $6 28... e5 $18)) 27. Rg1 Rfg8 28. Nc1
(28. b3 $11 $142) 28... e5 29. Nd3 29... Bxh3 $1 30. Ne1 Qg3 (30... Bf5 31.
Bxf5 Qxf5 32. dxe5 $19) 31. dxe5 31... Bxg2+ $4 (31... Be6 $19 $142) 32. Rfxg2
$4 (32. Rgxg2 $142 32... Qh3+ 33. Kg1 $17) 32... Qh3+ (32... Qh3+ 33. Rh2 Rxg1#
) 0-1

[Event "Bad Woerishofen op"]
[Site "Bad Woerishofen"]
[Date "2001.??.??"]
[Round "7"]
[White "Schenfeld, Waldemar"]
[Black "Sakowski, Christian"]
[Result "0-1"]
[WhiteElo "1431"]
[BlackElo "1713"]
[Annotator "ChessOrg"]
[PlyCount "126"]
[EventDate "1998.03.05"]
[Source "ChessBase"]
[SourceDate "1998.04.29"]

1. d4 {A46: Damenbauernspiele} 1... Nf6 2. Nf3 e6 3. Bg5 Be7 4. Nbd2 d5 5. e3
Nbd7 6. Be2 {letzter Buchzug} 6... O-O 7. O-O b6 8. Re1 Bb7 9. Rc1 Rc8 10. c3
c5 11. Bd3 h6 12. Bh4 Re8 13. Bb1 c4 14. Qa4 Bc6 15. Qc2 b5 (15... Bd6 16. e4
dxe4 17. Nxc4 $11) 16. Ne5 Nf8 17. Ndf3 Bb7 18. Qe2 a5 19. Nd2 N6d7 20. Bg3
Nxe5 21. Bxe5 f6 22. Bf4 Bd6 23. Qg4 f5 24. Qg3 Bxf4 25. exf4 (25. Qxf4 $143
25... Ng6 26. Qg3 26... Qf6 $11) 25... Qf6 26. Nf3 Nd7 27. Ne5 Nxe5 28. fxe5 (
28. Rxe5 $5 28... b4 29. Bc2 $16) 28... Qf7 $14 29. f4 Kf8 30. Re3 Re7 31. Qh4
Ke8 32. Rce1 Kd7 33. g4 (33. Bc2 33... Rg8 $14) 33... g5 $11 34. fxg5 hxg5 35.
Qh3 (35. Qxg5 $143 35... Rg8 36. Qh6 Rxg4+ 37. Rg3 37... Qg8 $17) 35... f4 36.
Rf3 Qg7 37. Re2 Rh8 38. Qf1 Rh4 39. Rg2 Re8 40. Qf2 Reh8 41. Bc2 Kc7 42. Qe2
Bc6 43. b3 Qh6 44. a4 bxa4 45. bxa4 (45. bxc4 $143 45... dxc4 46. Bxa4 46...
Bd5 $19 (46... Bxa4 $6 47. Qa2 Kb6 48. Qa3 $19) (46... Bxf3 $6 47. Qxf3 Rxh2
48. Qc6+ Kb8 49. Qb6+ Kc8 50. Qc6+ Kb8 51. Qb6+ Kc8 52. Qc6+ 52... Kb8 $11))
45... Be8 46. Bd1 (46. Qd2 Bg6 47. Rf1 47... Rh3 $17) 46... Bg6 47. Bc2 Bxc2
48. Qxc2 Rb8 49. Rf1 (49. Kh1 49... Rb3 $17) 49... Qh7 $19 50. Qd1 Rh3 51. Rc2
(51. Qc2 Qxc2 52. Rxc2 52... Rb3 $19) 51... Qh4 (51... Rh8 52. Qe2 f3 53. Qf2
$19) 52. Rff2 (52. Kh1 52... Rb3 $17) 52... Rd3 53. Qe2 $4 (53. Rfd2 Re3 54.
Rf2 54... f3 $19) 53... Qh3 (53... Rb1+ $142 54. Rf1 f3 55. Qxf3 Rxf3 56. Rxb1
56... Rf4 $19) 54. Qe1 (54. Qf1 Qxg4+ 55. Rg2 55... Qh5 $19) 54... Qxg4+ 55.
Rg2 Qh5 56. Rc1 g4 57. Qf2 (57. Ra1 $19) 57... f3 58. Rg3 Qg5 (58... Qh6 59.
Ra1 Rd2 60. Rg2 fxg2 61. Qg3 Rf8 62. Rb1 Rb2 63. Re1 Rf1+ 64. Rxf1 gxf1=R+ 65.
Kxf1 Qd2 66. h3 Rb1+ 67. Qe1 Rxe1#) 59. Qf1 (59. Rf1 Qf4 60. h3 $19) 59... Rb2
60. h3 Qe3+ 61. Kh1 Qd2 62. Qg1 f2 63. Rxd3 (63. Qf1 Rxg3 64. Kh2 Rg1 65. Qxc4+
dxc4 66. Rxg1 fxg1=R+ 67. Kxg1 Qg2#) 63... fxg1=Q+ (63... fxg1=Q+ 64. Rxg1 Qh2#
) 0-1

[Event "Bad Woerishofen op"]
[Site "?"]
[Date "2001.??.??"]
[Round "1"]
[White "Schenk, Uwe"]
[Black "Schmidt, Thomas"]
[Result "1-0"]
[WhiteElo "2152"]
[BlackElo "1671"]
[Annotator "ChessOrg"]
[PlyCount "101"]
[EventDate "2000.??.??"]

1. d4 {E05: Katalanisch} 1... d5 2. Nf3 Nf6 3. c4 e6 4. g3 Be7 5. Bg2 O-O 6.
O-O dxc4 7. Qc2 c5 8. dxc5 8... Bxc5 {letzter Buchzug} 9. Qxc4 Qe7 10. a3 Nc6
11. b4 Bb6 12. Bb2 e5 13. Nbd2 (13. b5 Na5 14. Qh4 14... Nb3 $11) 13... Be6 14.
Qh4 Nd4 (14... Rfd8 $5 $11) 15. Nxd4 $14 15... Bxd4 16. Bxd4 exd4 17. Ne4 Rab8
(17... Nd5 18. Qxe7 Nxe7 19. Nc5 $16) 18. Rfd1 Rfd8 19. Rac1 Nd5 20. Qxe7 (20.
Ng5 h6 21. Nxe6 Qxh4 22. gxh4 fxe6 23. Rxd4 Rdc8 24. Rxc8+ Rxc8 25. Bxd5 exd5
26. Rxd5 26... Rc3 $18) 20... Nxe7 21. Nc5 b5 22. Nxe6 fxe6 23. Rc7 Nd5 24.
Bxd5 Rxd5 25. Rdc1 Rbd8 26. Re7 R5d7 27. Rxe6 d3 28. exd3 Rxd3 29. Ra6 R3d7 30.
Kg2 Rf8 31. Rc2 Re7 32. h4 Rd7 33. Ra5 Rb8 34. Rc5 Rdb7 35. Rf5 g6 36. Rc5 Kg7
37. h5 Kh6 38. Ra6 Rg8 39. hxg6 hxg6 (39... Rxg6 40. Rxg6+ hxg6 41. g4 $18) 40.
g4 Kh7 41. Rd6 Kg7 42. Kg3 Kf7 43. Kf4 Kg7 (43... Ke7 44. Rd2 44... a6 $18) 44.
Kg5 Kh7 45. Rc3 Rgg7 46. f4 Rbf7 47. Rh3+ Kg8 48. Rd8+ Rf8 49. Rh8+ $3 49...
Kxh8 50. Rxf8+ Kh7 51. Kf6 (51. Kf6 a5 52. Rf7 Rxf7+ 53. Kxf7 axb4 54. axb4 $18
) 1-0

[Event "Bad Woerishofen op"]
[Site "Bad Woerishofen"]
[Date "2001.??.??"]
[Round "3"]
[White "Schenk, Uwe"]
[Black "Fleck, Ronald"]
[Result "1-0"]
[WhiteElo "2152"]
[BlackElo "1784"]
[Annotator "ChessOrg"]
[PlyCount "75"]
[EventDate "1998.03.05"]
[Source "ChessBase"]
[SourceDate "1998.04.29"]

1. d4 {E70: Koenigsindisch (Weiss spielt frueh e2-e4)} 1... Nf6 2. c4 g6 3. Nc3
Bg7 4. e4 d6 5. Nge2 e5 6. d5 O-O 7. Ng3 Ne8 8. h4 {letzter Buchzug} 8... h5 9.
Bg5 Bf6 10. Qd2 Bg4 11. f3 Bd7 12. Bd3 a5 13. O-O-O Na6 14. Nge2 Nc5 15. Bc2
Rb8 16. g4 Bxg5 (16... hxg4 17. fxg4 Bxg4 18. Be3 $11) 17. hxg5 $16 17... Ng7
18. gxh5 Nxh5 19. Rdg1 Kg7 20. f4 20... Nxf4 $2 (20... b5 $142 21. fxe5 dxe5
22. cxb5 22... Bxb5 $16) 21. Nxf4 $18 21... exf4 22. Qd4+ f6 23. gxf6+ Qxf6 24.
Rxg6+ $3 24... Kxg6 25. e5+ Qf5 26. Rg1+ (26. Bxf5+ $143 26... Rxf5 27. Qg1+
27... Rg5 $18) 26... Kh5 27. Bxf5 Bxf5 28. e6 (28. exd6 $142 28... Nd3+ 29. Kd2
Rg8 30. dxc7 Rbe8 31. Rxg8 31... Rxg8 $18) 28... Rg8 29. Rh1+ Kg6 (29... Kg5
$18) 30. Ne2 Nd3+ 31. Kd2 f3 (31... Kg5 32. Rg1+ 32... Kh5 $18) 32. Nf4+ (32.
Qh4 Bh3 33. Rxh3 fxe2 34. Qg4+ Kf6 35. Rf3+ Nf4 36. Rxf4+ Ke7 37. Rf7+ Ke8 38.
Qxg8#) 32... Nxf4 $18 33. Qxf4 Rh8 (33... Kf6 34. Rh6+ Ke7 35. Qxf5 Rg2+ 36.
Kd3 Rd2+ 37. Kxd2 Rf8 38. Qh7+ Rf7 39. Qxf7+ Kd8 40. Rh8#) 34. Rg1+ Kf6 35. Rg5
(35. Qd4+ Ke7 36. Qg7+ Ke8 37. Qd7+ Kf8 38. Qf7#) 35... Rh2+ 36. Kc3 Rc2+ 37.
Kb3 Ke7 (37... a4+ 38. Ka3 Ke7 39. Rg7+ Kf8 40. Qg5 Rc3+ 41. bxc3 Bxe6 42. Qe7#
) 38. Qxf5 (38. Qxf5 Rxb2+ 39. Kxb2 Rf8 40. Qh7+ Rf7 41. Qxf7+ Kd8 42. Rg8#)
1-0

[Event "Bad Woerishofen op"]
[Site "Bad Woerishofen"]
[Date "2001.??.??"]
[Round "5"]
[White "Schenk, Uwe"]
[Black "Mukic, Joschko"]
[Result "1/2-1/2"]
[WhiteElo "2152"]
[BlackElo "2263"]
[Annotator "ChessOrg"]
[PlyCount "164"]
[EventDate "1998.03.05"]
[Source "ChessBase"]
[SourceDate "1998.04.29"]

1. d4 {A52: Budapester Gambit (Hauptvariante)} 1... Nf6 2. c4 e5 3. dxe5 Ng4 4.
Bf4 g5 5. Bd2 Nxe5 6. Bc3 Bg7 7. e3 {letzter Buchzug} 7... g4 8. Ne2 d6 9. Nf4
Na6 10. Qc2 Bd7 11. Nd2 Nc5 12. b3 (12. Nh5 Qg5 13. Nxg7+ 13... Qxg7 $14) 12...
Qh4 13. Be2 O-O-O 14. g3 Qg5 15. O-O-O h5 16. h4 Qh6 17. Ne4 Nxe4 18. Qxe4 Rhe8
19. Qc2 Kb8 20. Rd2 b6 21. Rhd1 Be6 (21... Bc6 22. Nd5 $11) 22. Nd5 Qg6 23. Nf4
Qh6 24. Nd5 (24. e4 24... Bd7 $14) 24... Bc8 25. Kb1 Ng6 26. Qb2 Bf5+ 27. Bd3
Bxd3+ 28. Rxd3 Be5 29. Nb4 Kb7 30. Qa3 a5 31. Nd5 (31. Nc2 Bxc3 32. Rxc3 32...
Ne5 $11) 31... Bxc3 32. Rxc3 Ne5 33. Qc1 Nd7 34. Rcd3 Nc5 35. R3d2 Ne4 36. Rc2
Qg6 37. Ka1 Qf5 38. Nf4 c6 39. Qb2 Ra8 40. a4 Rad8 41. Ka2 f6 42. Rd4 Nc5 43.
Rcd2 Kc7 44. Rd1 Ne4 45. Rc1 Qe5 (45... Re5 46. Rb1 $11) 46. Nd3 (46. Qc2 46...
Qf5 $14) 46... Qf5 $11 47. Nf4 Qh7 48. Rc2 f5 49. Rc1 Kb7 50. Rc2 Rd7 51. Rd1
Qh6 52. Rd4 Rc7 53. Rd1 Rec8 54. Rdc1 Nc5 55. Rd2 Na6 56. Ka1 Nb4 (56... Nc5
57. Rcd1 Ne4 58. Rd4 $11) 57. Qd4 Rd7 58. Qb2 Rcd8 59. Rcd1 Na6 60. Ka2 Nc5 61.
Rc2 Ne6 62. Nxe6 Qxe6 63. Qd4 Qe5 64. Rcd2 Qxd4 65. Rxd4 d5 (65... Kc7 66. Kb2
$11) 66. Kb2 Kc7 67. cxd5 Rxd5 68. Rxd5 Rxd5 69. Rxd5 cxd5 70. Kc3 Kc6 71. b4
Kd6 72. bxa5 bxa5 73. Kd4 Kc6 74. Kd3 (74. Ke5 Kc5 75. Kxf5 $14) 74... Kd7 75.
Kc2 Kc7 76. Kb3 Kd6 77. Kc2 Kc6 78. Kb3 Kd6 79. Kc2 Ke6 80. Kd2 Kd6 81. Kc2 Ke5
82. Kd3 Ke6 1/2-1/2

[Event "Bad Woerishofen op"]
[Site "Bad Woerishofen"]
[Date "2001.??.??"]
[Round "7"]
[White "Schenk, Uwe"]
[Black "Joergens, Markus"]
[Result "1/2-1/2"]
[WhiteElo "2152"]
[BlackElo "2276"]
[Annotator "ChessOrg"]
[PlyCount "59"]
[EventDate "1998.03.05"]
[Source "ChessBase"]
[SourceDate "1998.04.29"]

1. d4 {A64: Benoni (mit 7.g3)} 1... e6 2. c4 Nf6 3. g3 c5 4. d5 exd5 5. cxd5 d6
6. Nc3 g6 7. Bg2 Bg7 8. Nf3 O-O 9. O-O a6 10. a4 Re8 11. Nd2 Nbd7 12. Nc4 Nb6
13. Na3 Bd7 14. Bf4 {letzter Buchzug} 14... Nc8 (14... Nh5 15. Bd2 Bxc3 16.
Bxc3 Nxa4 17. Qc2 $17) 15. Qd3 Rb8 16. Rab1 Ng4 17. b4 cxb4 18. Rxb4 Qa5 19.
Rfb1 (19. Rb3 $5 $11 $142) 19... Nxf2 $17 20. Kxf2 Qc5+ 21. e3 Qxc3 22. Qxc3
Bxc3 23. Rxb7 Rxb7 24. Rxb7 Bxa4 25. Nc4 Rd8 26. Bh3 f5 27. e4 Bb5 (27... Bc2
28. exf5 gxf5 29. Ne3 $15) 28. Rc7 (28. Ne3 $5 $11) 28... Bf6 $15 29. exf5 Bxc4
(29... g5 $5 $142 30. Bd2 30... Ne7 $11) 30. Rxc4 (30. fxg6 $5 30... Bd4+ 31.
Ke1 Re8+ 32. Kd2 $11) 1/2-1/2

[Event "Bad Woerishofen op"]
[Site "Bad Woerishofen"]
[Date "2001.??.??"]
[Round "9"]
[White "Schenk, Uwe"]
[Black "Erenska, Hanna"]
[Result "1/2-1/2"]
[WhiteElo "2152"]
[BlackElo "2256"]
[Annotator "ChessOrg"]
[PlyCount "78"]
[EventDate "1998.03.05"]
[Source "ChessBase"]
[SourceDate "1998.04.29"]

1. d4 {A54: Altindisch} 1... Nf6 2. c4 d6 3. Nc3 c6 4. g3 Nbd7 5. Bg2 e5 6. Nf3
Be7 7. O-O O-O 8. Qc2 Re8 9. b3 Bf8 10. e4 a6 11. Bb2 {letzter Buchzug} 11...
Qc7 12. Rad1 b5 13. h3 Rb8 14. c5 dxc5 15. dxe5 Nxe5 16. Nxe5 Rxe5 17. f4 (17.
Bc1 17... Nh5 $11) 17... Rh5 18. e5 Nd5 19. Qe2 (19. Nxd5 $5 19... cxd5 20. g4
$11 (20. Bxd5 $143 20... Rxh3 21. Kg2 21... Bg4 $17)) 19... Rxh3 $15 20. Ne4 (
20. Nxd5 $5 20... cxd5 21. e6 Rxg3 22. Be5 $15) 20... Rh6 $17 21. f5 c4 22. Bc1
Qa7+ 23. Rf2 Bxf5 24. Bxh6 Bxe4 25. Bxe4 Bc5 (25... Nc3 26. Bxh7+ Kxh7 27. Qc2+
Kg8 28. Qxc3 $19) 26. Bxd5 (26. Bd2 Bxf2+ 27. Qxf2 Qxf2+ 28. Kxf2 28... Re8 $14
) 26... cxd5 27. Bf4 Rd8 28. Bg5 Bxf2+ 29. Qxf2 Qxf2+ 30. Kxf2 Rd7 31. bxc4
bxc4 32. Be3 h5 33. Bc5 Rb7 34. Rxd5 Rb2+ 35. Ke3 Rxa2 36. Bd4 (36. Rd2 $5
36... Rxd2 37. Kxd2 $14) 36... Ra3+ $11 37. Kf4 37... Kh7 $2 (37... Rd3 $5 $11)
38. Rc5 Kh6 39. Rc6+ g6 1/2-1/2

[Event "Bad Woerishofen op"]
[Site "?"]
[Date "2001.??.??"]
[Round "1"]
[White "Schicker, Rudolf"]
[Black "Hempel, Olaf"]
[Result "0-1"]
[WhiteElo "1650"]
[BlackElo "2146"]
[Annotator "ChessOrg"]
[PlyCount "62"]
[EventDate "2000.??.??"]

1. Nf3 {A38: Englische Eroeffnung (Symmetrische Variante)} 1... Nf6 2. b3 g6 3.
Bb2 Bg7 4. c4 c5 5. g3 Nc6 6. Bg2 d6 7. O-O O-O 8. Nc3 Bd7 9. e3 a6 10. d4 Rb8
11. Qe2 11... Qc8 {letzter Buchzug} 12. Rfe1 Bg4 13. Qd2 b5 14. cxb5 axb5 15.
d5 Na7 16. e4 Nd7 17. Nd1 Bxb2 18. Qxb2 (18. Nxb2 Bxf3 19. Bxf3 19... b4 $11)
18... c4 19. Qd4 Qc5 20. Qxc5 Nxc5 21. e5 (21. Re3 Bxf3 22. Bxf3 22... Rfc8 $14
) 21... Nd3 22. Re4 Bxf3 23. Bxf3 dxe5 24. Be2 f5 25. Re3 e4 26. f3 (26. bxc4
$5 $142 26... bxc4 27. f3 $11) 26... Nb4 $17 27. bxc4 Nc2 28. Rc1 Nxe3 29. Nxe3
exf3 30. Bxf3 bxc4 31. Rxc4 Rb1+ (31... Rb1+ 32. Kf2 32... Rc8 $19) (31... Rfc8
32. Rxc8+ Nxc8 33. Bd1 $19) 0-1

[Event "Bad Woerishofen op"]
[Site "Bad Woerishofen"]
[Date "2001.??.??"]
[Round "3"]
[White "Schicker, Rudolf"]
[Black "Hamlack, Heinz"]
[Result "0-1"]
[WhiteElo "1650"]
[BlackElo "1906"]
[Annotator "ChessOrg"]
[PlyCount "90"]
[EventDate "1998.03.05"]
[Source "ChessBase"]
[SourceDate "1998.04.29"]

1. Nf3 {A05: Uebergaenge in verschiedene Eroeffnungen} 1... Nf6 2. b3 e6 3. Bb2
b6 4. e3 Be7 5. c4 O-O 6. Be2 d5 7. O-O 7... c5 {letzter Buchzug} 8. cxd5 exd5
9. d4 Nbd7 10. Nc3 Bb7 11. Rc1 Rc8 12. Qc2 Ne4 13. Qb1 cxd4 14. Nxd4 (14. Nxe4
$142 14... dxe4 15. Nxd4 $14) 14... Nd2 $17 15. Qf5 g6 16. Qh3 Nxf1 17. Rxf1
Nf6 18. Bf3 Ne4 19. Nxe4 dxe4 20. Qh6 Bg5 (20... exf3 $4 21. Qg7+ Kxg7 22. Nf5+
Kg8 23. Nh6#) 21. Nf5 Bf6 22. Bxf6 $2 (22. Rd1 $5 $142 22... Bxb2 23. Rxd8
Rcxd8 24. Ne7+ Kh8 25. Bg4 $19) 22... Qxf6 23. Bg4 Rc5 (23... Ba6 $5 24. Re1
Rc2 25. f4 $19) 24. Nd4 Qg5 25. Qh3 h5 26. Be2 Bc8 27. Qg3 h4 (27... Qxg3 $5
28. fxg3 f5 29. b4 $19) 28. Qxg5 Rxg5 29. Rc1 Bh3 30. g3 Rc8 31. Rxc8+ Bxc8 32.
b4 32... Bg4 $4 (32... hxg3 33. fxg3 Kf8 34. Bc4 $19) 33. Ba6 $4 (33. gxh4 $142
33... Bxe2+ 34. hxg5 $16) 33... Bh3 34. Bb7 a5 35. a3 axb4 36. axb4 Re5 37. Ba6
(37. gxh4 37... Kf8 $17) 37... Re7 38. Bf1 (38. gxh4 Ra7 39. b5 39... Rc7 $19)
38... Bxf1 39. Kxf1 h3 40. Ne2 g5 41. Nc3 f5 42. Nd5 Re6 43. Ke2 Kf7 44. f3 (
44. Nc3 44... Kf6 $19) 44... Rc6 45. fxe4 fxe4 (45... fxe4 46. b5 Rc2+ 47. Kf1
47... Rxh2 $19) 0-1

[Event "Bad Woerishofen op"]
[Site "Bad Woerishofen"]
[Date "2001.??.??"]
[Round "5"]
[White "Schicker, Rudolf"]
[Black "Diete, Guenter"]
[Result "1/2-1/2"]
[WhiteElo "1650"]
[BlackElo "1820"]
[Annotator "ChessOrg"]
[PlyCount "55"]
[EventDate "1998.03.05"]
[Source "ChessBase"]
[SourceDate "1998.04.29"]

1. Nf3 {A04: Hollaendisches System} 1... b6 2. b3 Bb7 3. e3 Nf6 4. Bb2 e6 5. c4
Be7 6. Be2 O-O 7. O-O 7... a5 {letzter Buchzug} 8. Nc3 Na6 9. d4 d5 10. a3 c5
11. Rc1 Nc7 12. Na4 Nce8 (12... Nd7 $5 $14) 13. dxc5 $16 13... bxc5 14. cxd5
Bxd5 15. Nxc5 Rb8 16. Be5 Rb6 17. Nd4 (17. Bd4 $5 $16) 17... Bxc5 $14 18. Rxc5
(18. Bxf6 $5 18... Qd6 19. Be5 $14) 18... Nd7 $11 19. Rxd5 exd5 20. Bg3 Nc5 21.
h3 Ne4 22. Bh2 Nc3 23. Qd3 Nxe2+ 24. Qxe2 Qd7 25. Rc1 Rg6 26. Qf3 Nf6 27. Nc6
Ne4 28. Ne5 (28. Nxa5 $143 28... Rf6 29. Qd1 29... Rxf2 $15) 1/2-1/2

[Event "Bad Woerishofen op"]
[Site "Bad Woerishofen"]
[Date "2001.??.??"]
[Round "7"]
[White "Schicker, Rudolf"]
[Black "Lang, Ludwig"]
[Result "1-0"]
[WhiteElo "1650"]
[BlackElo "1192"]
[Annotator "ChessOrg"]
[PlyCount "67"]
[EventDate "1998.03.05"]
[Source "ChessBase"]
[SourceDate "1998.04.29"]

1. Nf3 {A06: Zukertort-Eroeffnung} 1... d5 2. b3 Nc6 3. Bb2 Nf6 4. e3 4... e6 {
letzter Buchzug} 5. c4 Be7 6. Be2 O-O 7. O-O Re8 8. d4 b6 9. Nc3 Bb7 10. cxd5
exd5 11. Rc1 Nb4 12. a3 Na6 13. b4 c6 14. Qa4 Nc7 15. Qc2 Ne6 16. Rfd1 Nf8 17.
Ne5 a6 18. Bf3 Qd6 19. Na4 Bd8 20. Nc3 (20. Nxc6 $2 20... Rc8 $19) 20... Be7 (
20... Ne6 21. Qf5 $15) 21. Ne2 $11 21... Rac8 22. Ng3 g6 23. Qb3 Rc7 24. e4 Ne6
25. Nxc6 (25. exd5 cxd5 26. Rxc7 26... Nxc7 $11) 25... Nxe4 (25... Bxc6 $5 26.
e5 Qd7 27. exf6 Bxf6 28. Rxc6 Qxc6 29. Bxd5 29... Qc2 $17) 26. Nxe7+ $11 26...
Rcxe7 27. Bxe4 dxe4 28. d5 Nf4 29. Qc3 29... Qe5 $4 (29... Re5 $11 $142) 30.
Qxe5 $18 30... Rxe5 31. Bxe5 Rxe5 32. d6 Rg5 (32... Re8 $18) 33. d7 Ne2+ (33...
Ne6 34. Rc8+ $1 34... Kg7 $18) 34. Nxe2 (34. Nxe2 Rf5 35. d8=Q+ Kg7 36. Rd7 $18
) 1-0

[Event "Bad Woerishofen op"]
[Site "Bad Woerishofen"]
[Date "2001.??.??"]
[Round "9"]
[White "Schicker, Rudolf"]
[Black "Forster, Manfred"]
[Result "1/2-1/2"]
[WhiteElo "1650"]
[BlackElo "1900"]
[Annotator "ChessOrg"]
[PlyCount "27"]
[EventDate "1998.03.05"]
[Source "ChessBase"]
[SourceDate "1998.04.29"]

1. Nf3 {A05: Uebergaenge in verschiedene Eroeffnungen} 1... Nf6 2. b3 b6 3. Bb2
Bb7 4. e3 d5 5. c4 e6 6. Nc3 Be7 7. Be2 O-O 8. O-O Nbd7 9. d4 9... a6 {
letzter Buchzug} 10. Qc2 Rb8 11. Rac1 Re8 12. Rfd1 Bb4 13. a3 Bd6 14. cxd5
1/2-1/2